| 000 | 01446nam a22002537a 4500 | ||
|---|---|---|---|
| 005 | 20260429162142.0 | ||
| 008 | 260429b |||||||| |||| 00| 0 eng d | ||
| 020 | _a9780195649635 | ||
| 037 | _cTextual | ||
| 040 |
_aRTL _cRTL |
||
| 084 |
_aX9(J3).1(X).N9 N3/TD _qRTL |
||
| 245 | _aPolitical economy of hunger: Selected essays | ||
| 260 |
_aNew Delhi _bOxford University Press _c1993 |
||
| 300 |
_axvi, 626 p. : ill _bIncludes bibliographical references and index |
||
| 520 | _aThe Political Economy of Hunger is the classic analysis of an extraordinary paradox: in a world of food surpluses and satiety, hunger kills millions more people each year than wars or political repression. Now this abridged version, edited by Athar Hussain, puts the most influential essays from the three-volume work within the reach of concerned citizens. Ranging from Africa to South Asia to China, and written by an international array of authorities, the essays included in this abridgement give the best available analysis of the causes of worldwide hunger and deprivation, and the best hope for effective aid policies in the future. | ||
| 650 |
_aPolitical Economy, India _91236031 |
||
| 650 |
_aEconomy _9752583 |
||
| 650 | _aHunger | ||
| 700 |
_aDreze, Jean _eEditor |
||
| 700 |
_aSen, Amartya _eEditor |
||
| 700 |
_aHussain, Athar _91236032 _eEditor |
||
| 942 |
_2CC _cTB _hX9(J3).1(X).N9 N3/TD _n0 |
||
| 999 |
_c1848649 _d1848649 |
||